The Wild Quiz Stats

 Plays Quiz Updated Jan 27, 2019

     
Support Sporcle.
Go Orange.
Score 0/22 Timer 05:00
0 Plays Today
Hint Answer % Correct
Hit song for The Troggs or Tone-LocWild Thing
83%
Maurice Sendak's Caldecott Medal winning children's bookWhere the Wild Things Are
68.2%
Video series that follows around young, drunk women on spring breakGirls Gone Wild
64.2%
Late 1960's TV show with Robert Conrad and a 1999 Will Smith and Kevin Kline movieWild Wild West
57.5%
2007 Tim Allen and John Travolta movieWild Hogs
55.5%
A brand of Kentucky straight bourbon whiskeyWild Turkey
47.5%
1968 Mars Bonfire song made famous by band SteppenwolfBorn to Be Wild
44.8%
Jon Krakauer book and later a Sean Penn directed movieInto the Wild
43.9%
Professional ice hockey team based in St. PaulMinnesota Wild
42.3%
Jack London novelCall of the Wild
41.9%
Late 1990's Nickelodeon cartoonThe Wild Thornberrys
31.2%
Hint Answer % Correct
A 1970 Cat Stevens songWild World
30.4%
1972 Lou Reed songWalk on the Wild Side
27.6%
Nickname for 'The Air Force Song'Wild Blue Yonder
26.4%
This American Old West gunfighter is buried in Deadwood, South DakotaWild Bill Hickok
24.2%
A much covered 1971 Rolling Stones songWild Horses
22.6%
Funk band that sang 'Play That Funky Music'Wild Cherry
20.7%
Steve Martin's 1979 Grammy Award winner for Best Comedy Album Wild and Crazy Guy
19.8%
1994 Meryl Streep and Kevin Bacon movieThe River Wild
19%
Marvel Comics Kyle Gibney is also known as...Wild Child
15.8%
1971 Van Morrison hit songWild Night
13.7%
1990 film by David LynchWild At Heart
10.1%

From the Vault

50 Nameless Novels

by MSUKent

It's much harder to know who's who in books if no one has names.
Remove Ads.
Support Sporcle.
Get the best of Sporcle when you Go Orange. This ad-free experience offers more features, more stats, and more fun while also helping to support Sporcle. Thank you for becoming a member.

Show Comments

Extras

Top Quizzes Today


Score Distribution

Your Account Isn't Verified!

In order to create a playlist on Sporcle, you need to verify the email address you used during registration. Go to your Sporcle Settings to finish the process.

Report this User

Report this user for behavior that violates our Community Guidelines.

Details: